[Event "7. Malaga op"]
[Site "Campillos"]
[Date "2004.02.26"]
[Round "7.12"]
[White "Collas, Silvia"]
[Black "Adnoy, Hallvard V"]
[Result "1-0"]
[WhiteElo "2330"]
[BlackElo "2211"]
[PlyCount "93"]
[EventDate "2004.02.21"]
[Source "lmi"]
[SourceDate "2004.02.23"]

1. Nf3 Nf6 2. c4 d6 3. d4 Nbd7 4. Bg5 c6 5. Nc3 e5 6. e3 Be7 7. Qc2 a6 8. Rd1
Qa5 9. Bd3 b5 10. O-O bxc4 11. Bxc4 e4 12. Bxf6 Nxf6 13. Nxe4 Nxe4 14. Bd3 Nc5
15. dxc5 Qxc5 16. Qxc5 dxc5 17. Be4 O-O 18. Bxc6 Rb8 19. b3 Bg4 20. h3 Bxf3 21.
Bxf3 Rfd8 22. Bd5 Rb6 23. Rd3 Kf8 24. Rc1 Rb4 25. g3 a5 26. Kg2 a4 27. f4 Bd6
28. Kf3 axb3 29. axb3 Ke7 30. Ra1 Rd7 31. Bc4 Rb6 32. e4 f6 33. Rd5 Kd8 34.
Rad1 Kc7 35. e5 fxe5 36. fxe5 Rf7+ 37. Ke4 Bf8 38. Rxc5+ Bxc5 39. Bxf7 Be7 40.
Rd3 Rb4+ 41. Bc4 Rb6 42. Rf3 Rg6 43. g4 Kd7 44. Kd5 Rg5 45. Bd3 h6 46. Bf5+ Ke8
47. h4 1-0

[Event "7. Malaga op"]
[Site "Campillos"]
[Date "2004.02.26"]
[Round "7.13"]
[White "Yeo, Michael J"]
[Black "Claros Egea, Cristian"]
[Result "1/2-1/2"]
[WhiteElo "2244"]
[BlackElo "2107"]
[PlyCount "112"]
[EventDate "2004.02.21"]
[Source "lmi"]
[SourceDate "2004.02.23"]

1. e4 c5 2. Nf3 e6 3. d4 cxd4 4. Nxd4 a6 5. Nc3 Qc7 6. g3 b6 7. Bg2 Bb7 8. O-O
Nc6 9. Re1 d6 10. Be3 Nf6 11. f4 Be7 12. f5 e5 13. Nb3 Nb8 14. Qe2 Nbd7 15.
Rad1 O-O-O 16. a4 Nc5 17. Nd2 Kb8 18. Nc4 Rc8 19. b3 h5 20. h3 Qc6 21. Bg5 Qc7
22. Bxf6 gxf6 23. Ne3 Qd7 24. Ncd5 Bxd5 25. Rxd5 Qc6 26. Ra1 a5 27. Qd2 Na6 28.
Nc4 Nc7 29. Rd3 Ne8 30. Ne3 Qc5 31. Kh2 Bd8 32. c3 Qc6 33. b4 Ka7 34. Nd5 Nc7
35. bxa5 Nxd5 36. exd5 Qc5 37. axb6+ Bxb6 38. a5 Bc7 39. c4 Rb8 40. Qe3 Qxe3
41. Rxe3 Rb2 42. Rea3 Rc2 43. Ra4 Rb8 44. R1a2 Rc3 45. Bf1 Rf3 46. Be2 Rxf5 47.
h4 e4 48. Kg2 Re5 49. R4a3 Rb4 50. Kf2 Rb1 51. Ke3 Ka8 52. Kf4 Bb8 53. Re3 f5
54. Rea3 f6 55. Ra1 Rb2 56. R1a2 Rb1 1/2-1/2

[Event "7. Malaga op"]
[Site "Campillos"]
[Date "2004.02.26"]
[Round "7.15"]
[White "Nava Baro, Enrique"]
[Black "Gavilan Diaz, Mario"]
[Result "1-0"]
[WhiteElo "2207"]
[BlackElo "1999"]
[PlyCount "91"]
[EventDate "2004.02.21"]
[Source "lmi"]
[SourceDate "2004.02.23"]

1. Nf3 Nf6 2. g3 g6 3. Bg2 Bg7 4. O-O O-O 5. d4 d6 6. c4 Nbd7 7. Nc3 e5 8. e4
Re8 9. d5 Nc5 10. Qc2 a5 11. h3 Nh5 12. Bd2 f5 13. Rae1 Nf6 14. Kh2 Nfxe4 15.
Nxe4 Nxe4 16. Rxe4 fxe4 17. Ng5 Rf8 18. g4 Bd7 19. Nxe4 b6 20. Bg5 Qe8 21. Qd2
Rf7 22. Kg1 Qf8 23. b3 Bc8 24. Rc1 Rf4 25. a3 Bh6 26. b4 Bxg5 27. Nxg5 Rd4 28.
Qc2 axb4 29. axb4 Bd7 30. Nf3 Rf4 31. Ng5 Qe7 32. Ne4 Kg7 33. c5 bxc5 34. bxc5
Ra5 35. cxd6 cxd6 36. Qc7 Ra2 37. f3 Qf7 38. Nxd6 Qe7 39. Ne4 Qf7 40. Qxe5+ Kg8
41. d6 Ra8 42. Rc7 Re8 43. Qb2 Qe6 44. Qd2 Rff8 45. Bf1 Rd8 46. Bc4 1-0

[Event "7. Malaga op"]
[Site "Campillos"]
[Date "2004.02.27"]
[Round "8.1"]
[White "Korneev, Oleg"]
[Black "Khamrakulov, Ibragim S"]
[Result "1/2-1/2"]
[WhiteElo "2566"]
[BlackElo "2452"]
[PlyCount "58"]
[EventDate "2004.02.21"]
[Source "lmi"]
[SourceDate "2004.02.23"]

1. e4 c5 2. Nf3 a6 3. c4 Nc6 4. d4 cxd4 5. Nxd4 e6 6. Nc3 Bc5 7. Nb3 Bb4 8. Bd2
Nf6 9. Bd3 d5 10. exd5 exd5 11. cxd5 Nxd5 12. O-O Nde7 13. Qc2 Ne5 14. Be4 f5
15. Nd5 Nxd5 16. Bxd5 Be7 17. Bc4 b5 18. Rfd1 Bb7 19. Be6 Be4 20. Qc3 Qd6 21.
Nd4 Ng4 22. g3 b4 23. Qb3 Qxd4 24. Be3 Qf6 25. Bf4 g5 26. Bd6 Qh6 27. Qa4+ Kf8
28. Bxe7+ Kxe7 29. h4 Qxe6 1/2-1/2

[Event "7. Malaga op"]
[Site "Campillos"]
[Date "2004.02.27"]
[Round "8.2"]
[White "Cifuentes Parada, Roberto"]
[Black "Del Rio Angelis, Salvador G"]
[Result "1-0"]
[WhiteElo "2505"]
[BlackElo "2504"]
[PlyCount "77"]
[EventDate "2004.02.21"]
[Source "lmi"]
[SourceDate "2004.02.23"]

1. d4 d5 2. c4 dxc4 3. Nf3 Nf6 4. e3 Bg4 5. Bxc4 e6 6. h3 Bh5 7. Nc3 Nbd7 8. g4
Bg6 9. Nh4 Be4 10. Nxe4 Nxe4 11. Nf3 h5 12. Ke2 Nb6 13. Bd3 hxg4 14. hxg4 Rxh1
15. Qxh1 Qd5 16. Qh7 Nf6 17. Qh4 c5 18. g5 c4 19. Bc2 Nfd7 20. a4 Qa5 21. g6 f6
22. Qe4 Qd5 23. Bd2 f5 24. Qxd5 Nxd5 25. Ng5 Ke7 26. f3 a5 27. Rh1 Kf6 28. e4
Nb4 29. Bb1 Be7 30. e5+ Kxg6 31. Nxe6 Kf7 32. Bxf5 Nc6 33. Bc3 Nb6 34. Nc7 Rd8
35. d5 Nxa4 36. dxc6 Nxc3+ 37. bxc3 bxc6 38. Be6+ Kg6 39. Rg1+ 1-0

[Event "7. Malaga op"]
[Site "Campillos"]
[Date "2004.02.27"]
[Round "8.3"]
[White "Collas, Didier"]
[Black "Alonso, Rene"]
[Result "1/2-1/2"]
[WhiteElo "2436"]
[BlackElo "2371"]
[PlyCount "28"]
[EventDate "2004.02.21"]
[Source "lmi"]
[SourceDate "2004.02.23"]

1. Nf3 d5 2. d4 Nf6 3. c4 e6 4. Nc3 Be7 5. Bg5 O-O 6. e3 h6 7. Bh4 b6 8. Be2
Nbd7 9. cxd5 exd5 10. O-O Bb7 11. Rc1 c5 12. dxc5 bxc5 13. Bb5 Rc8 14. Qa4 a6
1/2-1/2

[Event "7. Malaga op"]
[Site "Campillos"]
[Date "2004.02.27"]
[Round "8.4"]
[White "Gonzalez Rodriguez, Jorge Armando"]
[Black "Saldano, Horacio"]
[Result "1/2-1/2"]
[WhiteElo "2349"]
[BlackElo "2424"]
[PlyCount "93"]
[EventDate "2004.02.21"]
[Source "lmi"]
[SourceDate "2004.02.23"]

1. b3 c5 2. Bb2 b6 3. Nf3 Bb7 4. e3 e6 5. d4 Nf6 6. Bd3 Be7 7. dxc5 bxc5 8.
Nbd2 O-O 9. O-O Nc6 10. c4 d6 11. a3 Nd7 12. Qc2 h6 13. Rfd1 f5 14. b4 Bf6 15.
b5 Nce5 16. Be2 Qe7 17. Ne1 d5 18. h3 Rac8 19. Rac1 Nb6 20. a4 Nexc4 21. Nxc4
Nxc4 22. Bxc4 Bxb2 23. Qxb2 dxc4 24. Rxc4 Bd5 25. Rc3 c4 26. f3 Qg5 27. Qe2 Qf6
28. Rd4 f4 29. Nc2 fxe3 30. Qxe3 Qf5 31. Qd2 Qg6 32. Kh2 Qg5 33. Qxg5 hxg5 34.
Ne3 Rc5 35. Rg4 a6 36. bxa6 Ra8 37. Rxg5 Rxa6 38. f4 Rxa4 39. Re5 Kf7 40. f5
Raa5 41. Kg3 exf5 42. Rxf5+ Ke6 43. Kf4 g6 44. Rg5 Kf6 45. Ng4+ Kg7 46. Ne5 Bf7
47. h4 1/2-1/2

[Event "7. Malaga op"]
[Site "Campillos"]
[Date "2004.02.27"]
[Round "8.5"]
[White "Perez Candelario, Manuel"]
[Black "Rodriguez Guerrero, Enrique"]
[Result "1/2-1/2"]
[WhiteElo "2504"]
[BlackElo "2391"]
[PlyCount "74"]
[EventDate "2004.02.21"]
[Source "lmi"]
[SourceDate "2004.02.23"]

1. c4 Nf6 2. Nc3 e5 3. Nf3 Nc6 4. e3 Bb4 5. Qc2 Bxc3 6. Qxc3 Qe7 7. d3 d5 8.
cxd5 Nxd5 9. Qb3 Qb4+ 10. Qxb4 Ndxb4 11. Kd2 Bf5 12. e4 Be6 13. a3 Na5 14. axb4
Nb3+ 15. Kc3 Nxa1 16. Nxe5 Nb3 17. Be3 f6 18. Nc4 b5 19. Na3 a5 20. Nxb5 axb4+
21. Kxb4 Rb8 22. d4 Nxd4 23. Bxd4 c6 24. Ka5 cxb5 25. Bxb5+ Kf7 26. b4 Rhd8 27.
Be3 Ra8+ 28. Kb6 Rdb8+ 29. Kc5 Ra2 30. Rc1 Rb2 31. Bd4 Rb3 32. f4 Ke7 33. Ra1
Rc8+ 34. Kb6 Rb8+ 35. Kc5 Rc8+ 36. Kb6 Rb8+ 37. Kc5 Rc8+ 1/2-1/2

[Event "7. Malaga op"]
[Site "Campillos"]
[Date "2004.02.27"]
[Round "8.6"]
[White "Teran Alvarez, Ismael"]
[Black "Cheparinov, Ivan"]
[Result "0-1"]
[WhiteElo "2382"]
[BlackElo "2550"]
[PlyCount "102"]
[EventDate "2004.02.21"]
[Source "lmi"]
[SourceDate "2004.02.23"]

1. e4 c5 2. Nc3 d6 3. g3 g6 4. Nge2 Bg7 5. Bg2 Nc6 6. d3 Rb8 7. Be3 b5 8. Qd2
b4 9. Nd1 Qb6 10. O-O e6 11. g4 h5 12. gxh5 Rxh5 13. f4 Nge7 14. Ng3 Rh8 15.
Qf2 f5 16. Re1 Bd7 17. a3 Qa5 18. Ne2 b3 19. c3 Kf7 20. Ng3 Rbf8 21. Qe2 Kg8
22. Nf2 d5 23. exd5 Nxd5 24. Bd2 Qc7 25. Nh3 Rxh3 26. Bxh3 Nxf4 27. Bxf4 Qxf4
28. Bg2 Ne5 29. Nf1 Bb5 30. Rad1 Rd8 31. Qe3 Qxe3+ 32. Rxe3 Bxd3 33. Rde1 Nc4
34. Rxe6 Nxb2 35. Re8+ Rxe8 36. Rxe8+ Kf7 37. Rb8 c4 38. Bd5+ Kf6 39. Nd2 Kg5
40. Nxb3 cxb3 41. Rxb3 Nd1 42. c4 Bd4+ 43. Kh1 Be2 44. Bf3 Bxf3+ 45. Rxf3 Ne3
46. Rg3+ Kf6 47. a4 a5 48. Rh3 Nxc4 49. Rh4 Ke5 50. Rh6 g5 51. Kg2 Nb6 0-1

[Event "7. Malaga op"]
[Site "Campillos"]
[Date "2004.02.27"]
[Round "8.7"]
[White "Bellon Lopez, Juan Manuel"]
[Black "Suba, Mihai"]
[Result "0-1"]
[WhiteElo "2429"]
[BlackElo "2522"]
[PlyCount "39"]
[EventDate "2004.02.21"]
[Source "lmi"]
[SourceDate "2004.02.23"]

1. d4 Nf6 2. Nf3 e6 3. c4 Bb4+ 4. Nbd2 b6 5. e3 c5 6. Bd3 cxd4 7. exd4 Bb7 8.
O-O O-O 9. a3 Be7 10. b3 d5 11. Bb2 Nc6 12. Qe2 Rc8 13. Rac1 dxc4 14. bxc4 Re8
15. h3 Bf8 16. Qe3 g6 17. Rfd1 Bg7 18. Ne5 Nxe5 19. dxe5 Qe7 20. c5 0-1

[Event "7. Malaga op"]
[Site "Campillos"]
[Date "2004.02.27"]
[Round "8.8"]
[White "Ivanov, Jordan"]
[Black "Matamoros Franco, Carlos"]
[Result "1/2-1/2"]
[WhiteElo "2406"]
[BlackElo "2490"]
[PlyCount "251"]
[EventDate "2004.02.21"]
[Source "lmi"]
[SourceDate "2004.02.23"]

1. d4 Nf6 2. c4 g6 3. Nc3 Bg7 4. e4 d6 5. h3 O-O 6. Nf3 e5 7. d5 a5 8. Bg5 Na6
9. Be2 c6 10. O-O Nc5 11. Nd2 h6 12. Be3 Nfd7 13. Qc2 f5 14. exf5 gxf5 15. f4
exf4 16. Rxf4 Qe8 17. Nf1 Ne5 18. Bd4 cxd5 19. Nxd5 Ne6 20. Bxe5 Bxe5 21. Rxf5
Nd4 22. Rxf8+ Qxf8 23. Qg6+ Qg7 24. Qe8+ Qf8 25. Ne7+ Kg7 26. Qxf8+ Kxf8 27.
Ng6+ Kg7 28. Nxe5 Nxe2+ 29. Kf2 Nf4 30. Nf3 Nd3+ 31. Ke3 Nxb2 32. Kd4 Be6 33.
Rb1 Nxc4 34. Rxb7+ Kh8 35. Re7 Bg8 36. Ng3 Ne5 37. Nxe5 dxe5+ 38. Kxe5 Bxa2 39.
Ne4 a4 40. Nf6 Bb1 41. Nd5 a3 42. Nc3 a2 43. Nxa2 Rxa2 44. Rb7 Re2+ 45. Kf6
Rf2+ 46. Ke5 Re2+ 47. Kf6 Rf2+ 48. Ke5 Bg6 49. g4 Bf7 50. h4 Kg7 51. Rb6 Rb2
52. h5 Rf2 53. Ra6 Ra2 54. Rb6 Ra5+ 55. Kf4 Rd5 56. Ra6 Be8 57. Ra7+ Bd7 58.
Ke4 Rd1 59. Ra6 Re1+ 60. Kf4 Rf1+ 61. Ke5 Be8 62. Rb6 Bf7 63. Ra6 Rd1 64. Kf5
Rd5+ 65. Kf4 Rc5 66. Rb6 Be8 67. Rd6 Rc4+ 68. Kg3 Rc6 69. Rd5 Bf7 70. Ra5 Rc3+
71. Kf4 Rc4+ 72. Kf5 Rc1 73. g5 Rf1+ 74. Ke4 Bxh5 75. gxh6+ Kxh6 76. Re5 Bg4
77. Ke3 Kg6 78. Re4 Kf5 79. Rb4 Rf3+ 80. Kd4 Ra3 81. Rb8 Ra4+ 82. Ke3 Ra3+ 83.
Kd4 Kf4 84. Rb4 Bf3 85. Rc4 Be4 86. Rc3 Ra4+ 87. Rc4 Ra8 88. Rc7 Rd8+ 89. Kc5
Ke3 90. Kc4 Rd1 91. Kc5 Rd2 92. Rg7 Rc2+ 93. Kd6 Kd4 94. Rg5 Rc6+ 95. Ke7 Rh6
96. Kd7 Bd5 97. Ke7 Re6+ 98. Kd7 Kc5 99. Rg7 Re5 100. Re7 Bc6+ 101. Kd8 Rh5
102. Rf7 Re5 103. Re7 Rd5+ 104. Kc7 Rd2 105. Re5+ Bd5 106. Kd7 Rf2 107. Re7 Rf6
108. Kc7 Ra6 109. Kd7 Ra8 110. Kc7 Ra5 111. Kd7 Ra6 112. Kc7 Be6 113. Kb7 Rb6+
114. Kc7 Rc6+ 115. Kb7 Rb6+ 116. Kc7 Bd5 117. Kd7 Rd6+ 118. Kc7 Rh6 119. Kd7
Rb6 120. Kc7 Be6 121. Re8 Rc6+ 122. Kb7 Kb5 123. Rd8 Rc5 124. Rd6 Bc8+ 125. Ka7
Rc7+ 126. Kb8 1/2-1/2

[Event "7. Malaga op"]
[Site "Campillos"]
[Date "2004.02.27"]
[Round "8.9"]
[White "Cramling, Pia"]
[Black "Fernandez Romero, Ernesto"]
[Result "1/2-1/2"]
[WhiteElo "2488"]
[BlackElo "2425"]
[PlyCount "56"]
[EventDate "2004.02.21"]
[Source "lmi"]
[SourceDate "2004.02.23"]

1. d4 d5 2. Nf3 Nf6 3. c4 c6 4. Nc3 a6 5. cxd5 cxd5 6. Bg5 Ne4 7. Bh4 Nc6 8. e3
Qa5 9. Qb3 Qb4 10. Qxb4 Nxb4 11. Rc1 Bf5 12. a3 Nxc3 13. Rxc3 Nc6 14. Be2 f6
15. O-O e6 16. Nd2 Kd7 17. Nb3 Be7 18. Rfc1 Rhc8 19. g4 Bg6 20. Bg3 b6 21. f3
Bd6 22. Bxd6 Kxd6 23. Kf2 a5 24. e4 Ne7 25. Nd2 Be8 26. Bd3 Bc6 27. exd5 exd5
28. Nf1 g6 1/2-1/2

[Event "7. Malaga op"]
[Site "Campillos"]
[Date "2004.02.27"]
[Round "8.10"]
[White "Gamundi Salamanca, Antonio"]
[Black "Collas, Silvia"]
[Result "1/2-1/2"]
[WhiteElo "2448"]
[BlackElo "2330"]
[PlyCount "76"]
[EventDate "2004.02.21"]
[Source "lmi"]
[SourceDate "2004.02.23"]

1. d4 Nf6 2. c4 e6 3. Nf3 b6 4. a3 Bb7 5. Nc3 d5 6. Bg5 Be7 7. e3 Nbd7 8. Rc1
h6 9. Bxf6 Nxf6 10. cxd5 exd5 11. Bb5+ c6 12. Bd3 O-O 13. O-O Bd6 14. Qe2 a5
15. Na4 Re8 16. Qc2 Ra7 17. Qb3 b5 18. Nc5 Bc8 19. Rfe1 a4 20. Qc2 g6 21. e4
Bf4 22. e5 Nh7 23. Rcd1 h5 24. g3 Bg5 25. Be2 Bh3 26. Nh4 Kg7 27. f3 Bc8 28.
Bd3 Nf8 29. Ng2 Ne6 30. Nxe6+ Rxe6 31. f4 Qb6 32. Kh1 Qxd4 33. Bxg6 Qc4 34.
Qxc4 bxc4 35. Bxh5 Rae7 36. Ne3 Rb7 37. Rd2 Rb3 38. Bd1 c3 1/2-1/2

[Event "7. Malaga op"]
[Site "Campillos"]
[Date "2004.02.27"]
[Round "8.11"]
[White "Cabello Fernandez, Enrique"]
[Black "Paunovic, Dragan"]
[Result "0-1"]
[WhiteElo "2134"]
[BlackElo "2517"]
[PlyCount "106"]
[EventDate "2004.02.21"]
[Source "lmi"]
[SourceDate "2004.02.23"]

1. Nf3 Nf6 2. c4 g6 3. Nc3 Bg7 4. g3 O-O 5. Bg2 d5 6. cxd5 Nxd5 7. d4 Nb6 8.
O-O Nc6 9. d5 Na5 10. Bf4 c6 11. e4 cxd5 12. Nxd5 Nxd5 13. exd5 Nc4 14. Qb3 Nd6
15. Rfe1 Re8 16. Ng5 Bf5 17. Ne4 Bxe4 18. Bxe4 Qb6 19. Qxb6 axb6 20. Re2 Rec8
21. Bd3 Bf6 22. a3 Rc5 23. Bxd6 exd6 24. Be4 b5 25. Rd1 b4 26. axb4 Rb5 27. b3
Rxb4 28. Rb1 Ra3 29. Bc2 Kg7 30. Re4 Rxe4 31. Bxe4 Bd4 32. Rd1 Bc5 33. Bc2 b5
34. Rd2 b4 35. Re2 Bd4 36. g4 Be5 37. Kg2 h5 38. gxh5 gxh5 39. h3 f5 40. Re3
Kf6 41. Kf3 Ra1 42. Kg2 Ra5 43. Rd3 h4 44. Rf3 f4 45. Rd3 Bc3 46. Rd1 Ke5 47.
Kf3 Ra2 48. Bd3 Bd4 49. Re1+ Kxd5 50. Re2 Ra3 51. Bc4+ Kc5 52. Ke4 Ra8 53. Kxf4
d5 0-1

[Event "7. Malaga op"]
[Site "Campillos"]
[Date "2004.02.27"]
[Round "8.12"]
[White "Parfjonov, Pavel"]
[Black "Nava Baro, Enrique"]
[Result "1/2-1/2"]
[WhiteElo "2250"]
[BlackElo "2207"]
[PlyCount "85"]
[EventDate "2004.02.21"]
[Source "lmi"]
[SourceDate "2004.02.23"]

1. Nf3 Nf6 2. d4 d5 3. g3 Bf5 4. Bg2 e6 5. O-O h6 6. c4 c6 7. b3 Nbd7 8. Bb2
Be7 9. Nc3 O-O 10. Nd2 Qb6 11. e4 dxe4 12. Ndxe4 Nxe4 13. Nxe4 Nf6 14. Nd2 Rad8
15. Qe2 Rfe8 16. Nf3 Qa5 17. a3 Qc7 18. Rfe1 Nd7 19. h3 Bf6 20. b4 a5 21. g4
Bg6 22. Rac1 axb4 23. axb4 Qb6 24. Bc3 Ra8 25. Ra1 Be7 26. c5 Qc7 27. b5 Rxa1
28. Bxa1 Ra8 29. Bc3 Bf6 30. Qc4 cxb5 31. Qxb5 Nxc5 32. dxc5 Bxc3 33. Rc1 Ra1
34. Rxa1 Bxa1 35. Nh4 Bd4 36. Nxg6 fxg6 37. Qe8+ Kh7 38. Qxe6 Qf4 39. Qe1 Qf7
40. Be4 Bxc5 41. Qe2 b6 42. Kg2 Qf6 43. Qf3 1/2-1/2

[Event "7. Malaga op"]
[Site "Campillos"]
[Date "2004.02.27"]
[Round "8.13"]
[White "Borrego Gil, Diego"]
[Black "Gutierrez Castillo, Oscar"]
[Result "1/2-1/2"]
[WhiteElo "2091"]
[BlackElo "2209"]
[PlyCount "102"]
[EventDate "2004.02.21"]
[Source "lmi"]
[SourceDate "2004.02.23"]

1. Nf3 Nf6 2. d4 d5 3. c4 e6 4. Nc3 Nbd7 5. Bg5 c6 6. e3 Qa5 7. Bxf6 Nxf6 8.
Nd2 Bb4 9. Qc2 Ne4 10. Ndxe4 dxe4 11. a3 f5 12. Rc1 Be7 13. Be2 O-O 14. O-O Qc7
15. f3 exf3 16. Rxf3 e5 17. dxe5 Qxe5 18. Bd3 Bd6 19. g3 Be6 20. Ne2 Bc5 21.
Qd2 Rad8 22. b4 Bb6 23. Nf4 Bf7 24. c5 Bc7 25. Qc2 g5 26. Ng2 Bd5 27. Rxf5 Rxf5
28. Bxf5 Bxg2 29. Kxg2 Qxe3 30. Rd1 Rxd1 31. Qxd1 Qe7 32. Qb3+ Kg7 33. Qd3 h6
34. Qd4+ Be5 35. Qe4 Qf6 36. Qd3 Bd4 37. a4 Qe5 38. Bh7 Qd5+ 39. Be4 Qe5 40.
Bh7 Qf6 41. Bf5 a5 42. bxa5 Bxc5 43. Qd7+ Qe7 44. Qxe7+ Bxe7 45. Bc8 Bd8 46.
Bxb7 Bxa5 47. Bxc6 g4 48. Be8 Kf6 49. h3 gxh3+ 50. Kxh3 Kg5 51. g4 Bc7 1/2-1/2

[Event "7. Malaga op"]
[Site "Campillos"]
[Date "2004.02.27"]
[Round "8.14"]
[White "Gutierrez Castillo, Paloma"]
[Black "Lopez Gonzalez, Daniel"]
[Result "1/2-1/2"]
[WhiteElo "2114"]
[BlackElo "2113"]
[PlyCount "50"]
[EventDate "2004.02.21"]
[Source "lmi"]
[SourceDate "2004.02.23"]

1. e4 c5 2. Nf3 e6 3. d4 cxd4 4. Nxd4 a6 5. Be2 Nf6 6. Nc3 Qc7 7. a3 b5 8. f4
Bb7 9. e5 Nd5 10. Nxd5 Bxd5 11. Bf3 Bxf3 12. Qxf3 Nc6 13. Be3 Rc8 14. c3 d6 15.
exd6 Bxd6 16. O-O O-O 17. Rad1 Ne7 18. Qh3 Bc5 19. Kh1 Rcd8 20. Rfe1 Rfe8 21.
Qf3 Nd5 22. Bc1 Nf6 23. Be3 Nd5 24. Bc1 Nf6 25. Be3 Nd5 1/2-1/2

[Event "7. Malaga op"]
[Site "Campillos"]
[Date "2004.02.27"]
[Round "8.15"]
[White "Claros Egea, Cristian"]
[Black "Tissir, Mohamed"]
[Result "0-1"]
[WhiteElo "2107"]
[BlackElo "2436"]
[PlyCount "68"]
[EventDate "2004.02.21"]
[Source "lmi"]
[SourceDate "2004.02.23"]

1. e4 c5 2. Nf3 e6 3. d4 cxd4 4. Nxd4 a6 5. Nc3 Qc7 6. g3 Nc6 7. Bg2 Nf6 8. O-O
Bc5 9. Nb3 Ba7 10. Re1 d6 11. Be3 Bxe3 12. Rxe3 Ne5 13. Re1 Nc4 14. Qd4 O-O 15.
Nd2 Ne5 16. Nf1 b5 17. a3 Bb7 18. Ne3 Rfd8 19. Qd2 Rac8 20. Rad1 Qb6 21. Qd4
Qc7 22. Qd2 h6 23. Qe2 Qb6 24. Rb1 Qa7 25. Kh1 Rxc3 26. bxc3 Nxe4 27. Bxe4
Bxe4+ 28. Ng2 Bf3 29. Qe3 Qa8 30. Rg1 Ng4 31. Qd2 Qd5 32. Qe1 Qh5 33. h4 Qf5
34. Rf1 Ne3 0-1

[Event "7. Malaga op"]
[Site "Campillos"]
[Date "2004.02.28"]
[Round "9.2"]
[White "Khamrakulov, Ibragim S"]
[Black "Cheparinov, Ivan"]
[Result "1-0"]
[WhiteElo "2452"]
[BlackElo "2550"]
[PlyCount "68"]
[EventDate "2004.02.21"]
[Source "lmi"]
[SourceDate "2004.02.23"]

1. e4 c5 2. c3 d6 3. Nf3 Nf6 4. Be2 Bd7 5. Qc2 Bc6 6. d3 Nbd7 7. Nbd2 Rc8 8. d4
cxd4 9. Nxd4 e6 10. O-O Be7 11. Nxc6 bxc6 12. f4 O-O 13. Nf3 d5 14. e5 Ne4 15.
Be3 Qc7 16. Kh1 h6 17. c4 Qb7 18. Nd4 c5 19. Nb3 f5 20. exf6 Ndxf6 21. Rae1 Bd6
22. Bd3 Qc7 23. Nd2 Nxd2 24. Bxd2 Rce8 25. Bg6 Re7 26. Qd3 d4 27. Qh3 Qd7 28.
Bb1 Qe8 29. Qd3 Qh5 30. Rf3 Rfe8 31. Rh3 Qf7 32. Qg3 Nh5 33. Rxh5 Qxh5 34. Bg6
Qf5 1-0

[Event "7. Malaga op"]
[Site "Campillos"]
[Date "2004.02.28"]
[Round "9.4"]
[White "Del Rio Angelis, Salvador G"]
[Black "Gonzalez Rodriguez, Jorge Armando"]
[Result "1-0"]
[WhiteElo "2504"]
[BlackElo "2349"]
[PlyCount "87"]
[EventDate "2004.02.21"]
[Source "lmi"]
[SourceDate "2004.02.23"]

1. e4 e6 2. d4 d5 3. Nc3 Bb4 4. e5 Qd7 5. a3 Bxc3+ 6. bxc3 b6 7. Qg4 f5 8. Qg3
Nc6 9. Nh3 Bb7 10. Nf4 O-O-O 11. Bd3 Na5 12. O-O Qf7 13. a4 Ne7 14. h4 Kb8 15.
Be2 Nc4 16. a5 Nxa5 17. Rxa5 bxa5 18. Ba3 Ka8 19. Ra1 Rb8 20. Bc5 Bc6 21. Rxa5
Rb1+ 22. Kh2 Kb8 23. c4 dxc4 24. Bxc4 Nd5 25. Bxd5 Bxd5 26. Rxa7 Qd7 27. Nxd5
Qxd5 28. Rxc7 Rb7 29. Rxg7 Rxg7 30. Qxg7 Rd8 31. Qa7+ Kc8 32. Bd6 Qb7 33. Qa2
Kd7 34. Qa4+ Kc8 35. c4 Rd7 36. f3 Kd8 37. c5 Qd5 38. c6 Rxd6 39. exd6 Qxd6+
40. Kh3 Kc7 41. h5 h6 42. Qb5 Qxc6 43. Qxc6+ Kxc6 44. g4 1-0

[Event "7. Malaga op"]
[Site "Campillos"]
[Date "2004.02.28"]
[Round "9.7"]
[White "Collas, Silvia"]
[Black "Perez Candelario, Manuel"]
[Result "0-1"]
[WhiteElo "2330"]
[BlackElo "2504"]
[PlyCount "100"]
[EventDate "2004.02.21"]
[Source "lmi"]
[SourceDate "2004.02.23"]

1. Nf3 d5 2. d4 Nf6 3. c4 e6 4. Bg5 Nbd7 5. Nc3 c6 6. e3 Qa5 7. Nd2 Bb4 8. Qc1
dxc4 9. Bxf6 Nxf6 10. Nxc4 Qg5 11. a3 Bxc3+ 12. Qxc3 O-O 13. Ne5 Nd7 14. Nf3
Qe7 15. Be2 Re8 16. O-O e5 17. dxe5 Nxe5 18. Nxe5 Qxe5 19. Qxe5 Rxe5 20. Rfd1
Be6 21. Bf3 Kf8 22. h4 Ke7 23. Rd2 a5 24. g3 Ra6 25. Kg2 Rb6 26. Rc1 h6 27. Be2
g5 28. hxg5 hxg5 29. g4 Bb3 30. Rc3 Rd5 31. Rcd3 Rxd3 32. Bxd3 c5 33. Bf5 Rd6
34. Rxd6 Kxd6 35. f4 f6 36. Kf2 b5 37. Bd3 b4 38. axb4 cxb4 39. Ke1 Be6 40. Be2
Kd5 41. Bf3+ Kc4 42. Kd2 Kb3 43. Kc1 Ka2 44. Kc2 Bb3+ 45. Kc1 Be6 46. Kc2 a4
47. Bc6 a3 48. bxa3 Kxa3 49. Bf3 b3+ 50. Kb1 b2 0-1

[Event "7. Malaga op"]
[Site "Campillos"]
[Date "2004.02.28"]
[Round "9.8"]
[White "Matamoros Franco, Carlos"]
[Black "Cramling, Pia"]
[Result "1/2-1/2"]
[WhiteElo "2490"]
[BlackElo "2488"]
[PlyCount "80"]
[EventDate "2004.02.21"]
[Source "lmi"]
[SourceDate "2004.02.23"]

1. c4 e5 2. g3 Nf6 3. Bg2 c6 4. d4 exd4 5. Qxd4 Na6 6. Nf3 Bc5 7. Qe5+ Qe7 8.
O-O O-O 9. Qxe7 Bxe7 10. Nc3 Re8 11. Nd4 Bb4 12. Bd2 d5 13. cxd5 Nxd5 14. Bxd5
cxd5 15. Rfd1 Bc5 16. Be3 Bg4 17. Nc2 Be7 18. Rxd5 Bf6 19. Rd2 Bxc3 20. bxc3 b6
21. f3 Be6 22. Nd4 Bd7 23. Kf2 Rac8 24. Rc1 h6 25. g4 Nc5 26. Nb3 Nxb3 27. axb3
Be6 28. Rb2 Red8 29. c4 b5 30. Rbc2 bxc4 31. bxc4 Rd7 32. c5 a5 33. c6 Rd5 34.
Rc5 Rxc5 35. Rxc5 a4 36. Bc1 Kf8 37. Ba3 Ke8 38. Ke3 Kd8 39. Bb4 Kc7 40. Kd4
Rb8 1/2-1/2

[Event "7. Malaga op"]
[Site "Campillos"]
[Date "2004.02.28"]
[Round "9.10"]
[White "Adnoy, Hallvard V"]
[Black "Gamundi Salamanca, Antonio"]
[Result "1/2-1/2"]
[WhiteElo "2211"]
[BlackElo "2448"]
[PlyCount "116"]
[EventDate "2004.02.21"]
[Source "lmi"]
[SourceDate "2004.02.23"]

1. e4 c5 2. Nf3 d6 3. c3 Nf6 4. Bd3 g6 5. O-O Bg7 6. Bc2 O-O 7. d4 cxd4 8. cxd4
Bg4 9. Be3 Nc6 10. Nbd2 Rc8 11. a3 Nd7 12. h3 Bxf3 13. Nxf3 Nb6 14. d5 Ne5 15.
Nxe5 Bxe5 16. Rb1 Nc4 17. Bc1 Qa5 18. Qe2 b5 19. Bd3 a6 20. a4 Qb4 21. axb5
axb5 22. b3 Na5 23. Bxb5 Nxb3 24. Bh6 Rfd8 25. Bg5 Kf8 26. Bh6+ Kg8 27. Bg5 Rc7
28. Kh1 Qc3 29. Qa2 Nd4 30. Rfc1 Nxb5 31. Rxc3 Nxc3 32. Qa5 Rdc8 33. Rc1 Rc5
34. Qa6 R8c7 35. Be3 Rc4 36. Bb6 Rc8 37. Ba5 Kg7 38. g3 Bd4 39. Kg2 h5 40. Bxc3
Bxc3 41. Qb7 R8c7 42. Qb3 R4c5 43. Kf1 Bf6 44. Rxc5 Rxc5 45. h4 Rc3 46. Qb5 Rc2
47. Qd3 Rb2 48. Kg2 Be5 49. Qe3 Rc2 50. Kh3 Rc3 51. Qd2 Ra3 52. Qc2 Rc3 53. Qd2
Ra3 54. Qe2 Rb3 55. Kg2 Rb2 56. Qd3 Ra2 57. Qe3 Rc2 58. Qb3 Ra2 1/2-1/2

[Event "7. Malaga op"]
[Site "Campillos"]
[Date "2004.02.28"]
[Round "9.11"]
[White "Tissir, Mohamed"]
[Black "Borrego Gil, Diego"]
[Result "1-0"]
[WhiteElo "2436"]
[BlackElo "2091"]
[PlyCount "95"]
[EventDate "2004.02.21"]
[Source "lmi"]
[SourceDate "2004.02.23"]

1. e4 e5 2. Nf3 Nc6 3. Bc4 h6 4. O-O Nf6 5. d4 d6 6. dxe5 dxe5 7. Qxd8+ Kxd8 8.
Bxf7 Bg4 9. Nbd2 Bd6 10. Re1 Ke7 11. Bb3 Be6 12. c3 b5 13. Nh4 Rhe8 14. Nf5+
Kf7 15. Bc2 Bc5 16. Nb3 Bb6 17. h3 a5 18. Be3 Bxe3 19. Rxe3 Nd7 20. Rg3 Rg8 21.
Rf3 Kg6 22. Bd3 a4 23. Bxb5 axb3 24. Bxc6 Rxa2 25. Rb1 Kh7 26. Ne7 Re8 27. Nd5
Rd8 28. Nxc7 Bc4 29. Bd5 Nb6 30. Re3 Rd7 31. Ne6 Nxd5 32. Nf8+ Kg8 33. Nxd7
Nxe3 34. Nxe5 Nxg2 35. Kxg2 Be2 36. h4 Ra5 37. Re1 Ba6 38. Nc6 Rh5 39. Kg3 Bc4
40. f4 Rc5 41. Ne5 Ba6 42. Rd1 Bb7 43. Kf3 Rc8 44. Rd7 Ba6 45. h5 Bb5 46. Rb7
Rc5 47. Rb8+ Kh7 48. Ng6 1-0